Statistics for How many times can you type the alphabet in 1 minute

Click here to take the quiz!

General Stats

  • This quiz has been taken 97 times
  • The average score is 119 of 260

Answer Stats

AmountAlphabet% Correct
1) aa
100%
bb
98%
cc
94%
dd
92%
ee
92%
ff
92%
gg
92%
hh
92%
ss
90%
2) aa
90%
zz
90%
yy
90%
xx
90%
ww
90%
vv
90%
uu
90%
tt
90%
rr
90%
qq
90%
pp
90%
oo
90%
nn
90%
mm
90%
ll
90%
kk
90%
jj
90%
ii
90%
kk
88%
zz
88%
pp
88%
oo
88%
nn
88%
mm
88%
ll
88%
hh
88%
jj
88%
dd
88%
bb
88%
ii
88%
cc
88%
ee
88%
gg
88%
ff
88%
qq
86%
rr
86%
ss
86%
tt
86%
uu
86%
vv
86%
ww
86%
xx
86%
yy
86%
3) aa
86%
ee
84%
ff
84%
bb
84%
dd
84%
cc
84%
gg
82%
hh
80%
ii
80%
jj
78%
kk
78%
ll
78%
mm
78%
zz
75%
4) aa
75%
qq
75%
nn
75%
oo
75%
pp
75%
rr
73%
xx
73%
yy
73%
bb
73%
ww
73%
vv
73%
uu
73%
tt
73%
ss
73%
cc
71%
dd
69%
ee
69%
ff
65%
gg
65%
nn
63%
rr
63%
qq
63%
pp
63%
oo
63%
hh
63%
mm
63%
ll
63%
kk
63%
jj
63%
ii
63%
ss
61%
tt
61%
uu
61%
vv
61%
zz
61%
bb
59%
yy
59%
ww
59%
5) aa
59%
xx
59%
cc
57%
dd
57%
ee
57%
ff
53%
gg
53%
hh
53%
ii
51%
mm
47%
nn
47%
oo
47%
ll
47%
kk
47%
jj
47%
pp
45%
qq
43%
rr
43%
ss
43%
tt
43%
uu
43%
vv
43%
zz
43%
ww
41%
xx
41%
yy
41%
kk
39%
jj
39%
hh
39%
ll
39%
mm
39%
ii
39%
6) aa
39%
gg
39%
ee
39%
dd
39%
cc
39%
bb
39%
ff
39%
pp
37%
qq
37%
nn
37%
oo
37%
rr
35%
zz
33%
ss
33%
tt
33%
uu
33%
vv
33%
ww
33%
7) aa
31%
bb
31%
yy
31%
xx
31%
cc
29%
dd
29%
ee
27%
jj
25%
kk
25%
ll
25%
ii
25%
hh
25%
gg
25%
ff
25%
mm
24%
nn
22%
oo
22%
pp
22%
qq
20%
rr
20%
ss
20%
tt
18%
yy
16%
zz
16%
ww
16%
xx
16%
vv
16%
uu
16%
8) aa
14%
bb
14%
cc
14%
dd
14%
ee
14%
jj
12%
mm
12%
ll
12%
kk
12%
ii
12%
hh
12%
gg
12%
ff
12%
zz
10%
pp
10%
qq
10%
rr
10%
ss
10%
tt
10%
uu
10%
vv
10%
ww
10%
xx
10%
yy
10%
hh
10%
10) aa
10%
bb
10%
cc
10%
dd
10%
ee
10%
ff
10%
gg
10%
nn
10%
ii
10%
jj
10%
kk
10%
oo
10%
qq
10%
mm
10%
yy
10%
nn
10%
oo
10%
pp
10%
rr
10%
ll
10%
tt
10%
uu
10%
vv
10%
ww
10%
xx
10%
ss
10%
zz
10%
gg
10%
9) aa
10%
kk
10%
jj
10%
hh
10%
ii
10%
ff
10%
ee
10%
dd
10%
cc
10%
bb
10%
tt
8%
yy
8%
xx
8%
ww
8%
vv
8%
uu
8%
mm
8%
ss
8%
rr
8%
qq
8%
pp
8%
oo
8%
nn
8%
ll
8%
zz
8%

Score Distribution

Percentile by Number Answered

Percent of People with Each Score

Your Score History

You have not taken this quiz